[Event "SC-Championship 2018 - FINAL"]
[Site "SchemingMind.com"]
[Date "2018.07.31"]
[Round "-"]
[White "sbb"]
[Black "Professor"]
[Result "1-0"]
[WhiteCountry "USA"]
[BlackCountry "USA"]
[WhiteElo "2548"]
[WhiteRD "73"]
[BlackElo "2541"]
[BlackRD "75"]
[GameID "430884"]

1. d4 Nf6 2. c4 e6 3. Nc3 Bb4 4. Bd2 Nc6 5. e3 O-O 6. Qc2 Re8 7. a3 Bxc3 8. Bxc3 a5 9. Nf3 d6 10. Be2 a4
11. O-O e5 12. d5 Ne7 13. Nd2 Nd7 14. Ne4 f5 15. Ng3 Rf8 16. f4 e4 17. Nh5 Rf7 18. Rad1 Nc5 19. h3 Qf8 20. g4 Ng6
21. Qd2 Bd7 22. Qe1 Qe7 23. Qg3 Raf8 24. gxf5 Bxf5 25. Kh2 Nd3 26. Rg1 c6 27. Rd2 cxd5 28. cxd5 b5 29. h4 Rc8 30. Bxg7 Rxg7
31. Nxg7 Kxg7 32. h5 Kf7 33. hxg6+ hxg6 34. Rh1 Rh8+ 35. Kg1 Rxh1+ 36. Kxh1 Qc7 37. Qg1 Qc5 38. Kh2 Qxd5 39. Rc2 Qb3 40. Rc7+ Ke6
41. Qa1 Kf6 42. Bxd3 Qxd3 43. Qe1 Ke6 44. Kg3 Qd5 45. Rg7 Qd3 46. Kf2
1-0